Ministerio de Agricultura, pesca y los alimentos: marco conceptual y propuestas. El caso de Chile

Guardat en:
Dades bibliogràfiques
Autor corporatiu: Ministerio de Agricultura (Autor), Instituto Interamericano de Cooperación para la Agricultura (Autor), IICA (Autor)
Format: Llibre
Idioma:espanyol
Publicat: Santiago Ministerio de Agricultura 2009
Matèries:
Etiquetes: Afegir etiqueta
Sense etiquetes, Sigues el primer a etiquetar aquest registre!

MARC

LEADER 00000cam a2200000 a 4500
001 UCG0295
003 CL-VaPUC
008 100318e20090000CL |||||||||||||||||spa|d
020 |a 9789292481339 
082 0 4 |a 338.1  |b MIN  |2 21 
110 2 |a Ministerio de Agricultura  |e author  |9 547673 
710 2 |a Instituto Interamericano de Cooperación para la Agricultura  |e author  |9 547674 
710 2 |a IICA  |e author  |9 547675 
245 1 0 |a Ministerio de Agricultura, pesca y los alimentos: marco conceptual y propuestas. El caso de Chile 
300 |a 194 p 
942 |c BK 
945 |d 20100318 00:00:00  |a rbrito 
260 |a Santiago  |b Ministerio de Agricultura  |c 2009 
650 0 |a Agricultura  |9 255598 
650 0 |a Alimentos  |9 256203 
650 7 |a PRODUCCION ALIMENTARIA  |2 CL-VaPUC  |9 341875 
650 0 |a Pesca  |9 258707 
650 7 |a EXPORTACIONES  |2 CL-VaPUC  |9 255382 
583 |a last modification  |c 20170623 04:33:31  |k Rodrigo Vera 
999 |c 339981  |d 339979 
952 |0 0  |1 0  |4 0  |6 338_100000000000000_MIN_2009  |7 0  |8 A  |9 434266  |a BIBAGR  |b BIBAGR  |d 2019-11-22  |i 4649966  |o 338.1 MIN 2009  |p 4649966  |r 2025-01-20  |w 2019-11-22  |y BK  |k AGR 
952 |0 0  |1 0  |4 0  |6 338_100000000000000_MIN_2009  |7 0  |8 A  |9 434267  |a BIBAGR  |b BIBAGR  |d 2019-11-22  |i 465742K  |o 338.1 MIN 2009  |p 465742K  |r 2025-01-20  |w 2019-11-22  |y BK  |k AGR 
952 |0 0  |1 0  |4 0  |6 338_100000000000000_MIN_2009  |7 0  |8 A  |9 434268  |a BIBAGR  |b BIBAGR  |d 2019-11-22  |i 4657438  |o 338.1 MIN 2009  |p 4657438  |r 2025-01-20  |w 2019-11-22  |y BK  |k AGR 
952 |0 0  |1 0  |4 0  |6 338_100000000000000_MIN_2009  |7 0  |8 A  |9 434269  |a BIBAGR  |b BIBAGR  |d 2019-11-22  |i 4657446  |o 338.1 MIN 2009  |p 4657446  |r 2025-01-20  |w 2019-11-22  |y BK  |k AGR 
952 |0 0  |1 0  |4 0  |6 338_100000000000000_MIN_2009  |7 0  |8 A  |9 434270  |a BIBAGR  |b BIBAGR  |d 2019-11-22  |i 4657454  |o 338.1 MIN 2009  |p 4657454  |r 2025-01-20  |w 2019-11-22  |y BK  |k AGR 
952 |0 0  |1 0  |4 0  |6 338_100000000000000_MIN_2009  |7 0  |8 A  |9 434271  |a BIBAGR  |b BIBAGR  |d 2019-11-22  |i 4657462  |o 338.1 MIN 2009  |p 4657462  |r 2025-01-20  |w 2019-11-22  |y BK  |k AGR 
952 |0 0  |1 0  |4 0  |6 338_100000000000000_MIN_2009  |7 0  |8 A  |9 434272  |a BIBAGR  |b BIBAGR  |d 2019-11-22  |i 4657470  |o 338.1 MIN 2009  |p 4657470  |r 2025-01-20  |w 2019-11-22  |y BK  |k AGR 
952 |0 0  |1 0  |4 0  |6 338_100000000000000_MIN_2009  |7 0  |8 A  |9 434273  |a BIBAGR  |b BIBAGR  |d 2019-11-22  |i 4657489  |o 338.1 MIN 2009  |p 4657489  |r 2025-01-20  |w 2019-11-22  |y BK  |k AGR 
952 |0 0  |1 0  |3 erb  |4 0  |6 338_100000000000000_MIN_2009  |7 0  |8 A  |9 434274  |a BIBAGR  |b BIBAGR  |i 5401364  |o 338.1 MIN 2009  |p 5401364  |r 2025-01-20  |w 2019-11-22  |y BK  |z Catalogado en:20170626  |k AGR